[Event "FRA-chT U20 16 GP Haute 1213"]
[Site "France"]
[Date "2013.05.19"]
[Round "9"]
[White "Hadji, Rasla"]
[Black "Buyukyalcin Moussa, Elyes"]
[Result "0-1"]
[WhiteElo "1240"]
[BlackElo "1440"]
[PlyCount "88"]
[EventDate "2012.12.01"]
[EventType "team"]
[EventRounds "11"]
[EventCountry "FRA"]
[SourceTitle "EXT 2014"]
[Source "ChessBase"]
[SourceDate "2013.11.20"]
[SourceVersion "1"]
[SourceVersionDate "2013.11.20"]
[SourceQuality "1"]
[WhiteTeam "Clichy (U20)"]
[BlackTeam "Bischwiller (U20)"]
[WhiteTeamCountry "FRA"]
[BlackTeamCountry "FRA"]

1. e4 c5 2. Nf3 Nc6 3. d4 cxd4 4. Nxd4 g6 5. Nc3 Bg7 6. Nxc6 bxc6 7. Bc4 Nf6 8. 0-0 0-0 9. e5 Ne8 10. Bf4 Qa5 11. Qd4 d6 12. Rfe1 Bb7 13. Qe3 dxe5 14. Bxe5 Bxe5 15. Qxe5 Qxe5 16. Rxe5 e6 17. Rd1 Nf6 18. Ne4 Nxe4 19. Rxe4 Rad8 20. Red4 Rxd4 21. Rxd4 e5 22. Rd7 Bc8 23. Re7 Bf5 24. Kf1 Bxc2 25. Rd7 Bf5 26. Rc7 Be4 27. f3 Bd5 28. Bxd5 cxd5 29. Ke2 Rb8 30. Rc2 f6 31. g3 Rb7 32. h4 Kf7 33. g4 Ke7 34. b3 Kd6 35. Ke3 Rc7 36. Rxc7 Kxc7 37. a4 a5 38. f4 Kc6 39. fxe5 fxe5 40. Kd3 Kc5 41. h5 g5 42. Ke3 Kb4 43. Kd3 Kxb3 44. h6 Kxa4 0-1

[Event "FRA-chT U20 GpA 1213"]
[Site "France"]
[Date "2013.01.05"]
[Round "5"]
[White "Lamblin, Alexandre"]
[Black "Buyukyalcin Moussa, Elyes"]
[Result "0-1"]
[WhiteElo "1390"]
[BlackElo "1440"]
[PlyCount "80"]
[EventDate "2012.12.01"]
[EventType "team"]
[EventRounds "7"]
[EventCountry "FRA"]
[SourceTitle "EXT 2014"]
[Source "ChessBase"]
[SourceDate "2013.11.20"]
[SourceVersion "1"]
[SourceVersionDate "2013.11.20"]
[SourceQuality "1"]
[WhiteTeam "Monaco (U20)"]
[BlackTeam "Bischwiller (U20)"]
[WhiteTeamCountry "FRA"]
[BlackTeamCountry "FRA"]

1. d4 Nf6 2. c4 g6 3. Nc3 Bg7 4. e4 d6 5. Nf3 0-0 6. Bd3 Bg4 7. Be3 Nbd7 8. 0-0 c5 9. d5 Ne5 10. Be2 Bxf3 11. Bxf3 Nxc4 12. Qe2 Nb6 13. Qd2 Rc8 14. Bh6 Nc4 15. Qc1 Nb6 16. Bxg7 Kxg7 17. h4 Kh8 18. g4 Rg8 19. Bg2 Rc7 20. Re1 a6 21. f3 Nbd7 22. Kf2 Ne5 23. Qd2 c4 24. Rh1 Qe8 25. Ne2 Nd3+ 26. Kf1 b5 27. Nf4 Ne5 28. h5 g5 29. Nh3 h6 30. Ng1 Nd3 31. Ne2 Rg7 32. Nc1 Nf4 33. Ne2 Nd3 34. Nd4 Ne5 35. Nf5 Rh7 36. a4 e6 37. dxe6 fxe6 38. Ng3 bxa4 39. Qxd6 Nd3 40. Qxc7 Rxc7 0-1